[Event "Novosibirsk"]
[Site "Novosibirsk"]
[Date "1993.??.??"]
[Round "7"]
[White "Dolmatov, Sergey"]
[Black "Psakhis, Lev"]
[Result "1-0"]
[WhiteElo "2615"]
[BlackElo "2575"]
[Annotator "Ernst,T"]
[PlyCount "185"]
[EventDate "1993.06.??"]
[EventType "tourn"]
[EventRounds "11"]
[EventCountry "RUS"]
[EventCategory "14"]
[SourceTitle "CBM 036"]
[Source "ChessBase"]
[SourceDate "1993.10.01"]
[SourceVersion "1"]
[SourceVersionDate "1993.10.01"]
[SourceQuality "1"]

1. e4 {Wedberg} e5 2. Nf3 Nc6 3. Bb5 a6 4. Ba4 Nf6 5. O-O Be7 6. Re1 b5 7. Bb3
O-O 8. c3 d6 9. h3 Nb8 10. d4 Nbd7 11. Nbd2 Bb7 12. Bc2 Re8 13. a4 c5 (13...
Bf8) 14. d5 (14. b4 {Wedberg} cxd4 15. cxd4 d5 {= van der Wiel-Spassky, EUcup
1991}) 14... c4 15. b3 (15. Nf1 Nc5 16. Ng3 g6 17. Bh6 $14 {Gruenfeld,Y-Lev,R/
Tel Aviv/1991/}) 15... cxb3 16. Nxb3 Qc7 17. Bd2 Nb6 18. Na5 Nxa4 19. Bxa4 Qxa5
20. c4 Qc7 21. cxb5 axb5 22. Bxb5 Rxa1 23. Qxa1 Ra8 24. Qb1 Rb8 25. Qd3 {
0.5-0.5 Sokolov,A-Beliavsky,A/Linares/1989/} Qb6 26. Be3 Qa5 27. Bc4 $14 (27.
Bd2 {Wedberg 1/4-1/4, Smirin-vd Sterren, Tilburg 1992}) 27... Bc8 (27... Nd7)
28. Rb1 Rxb1+ 29. Qxb1 Bd7 30. Nd2 h6 31. Qb7 Bd8 32. Bf1 Qc7 33. Qa6 Bc8 34.
Qa3 Bd7 35. Qb4 Ne8 36. Nc4 f5 37. exf5 Bxf5 38. Be2 Be7 39. Bb6 Qd7 40. Ne3
Nf6 41. Ba6 Bg6 42. Qc4 Bf7 43. Bc8 $1 Qe8 44. Qc6 Kf8 45. Bb7 Kg8 46. Nf5 Kf8
47. Ne3 Kg8 48. Ba5 g6 49. Bc7 Qf8 50. Qa4 Bd8 51. Qa5 Bxc7 52. Qxc7 {Weakness/
Schwächung/d6} Ne8 53. Qd8 Kg7 54. Bc8 Nf6 55. Qc7 Ne8 56. Qb7 h5 57. Nc4 Kh8
58. Be6 Bg8 59. Qc8 Kg7 60. Qd7+ Kh8 61. Qd8 Kg7 62. h4 $1 $16 Nf6 (62... Bf7
$16) 63. Qc7+ Kh8 64. Nxd6 Nxd5 65. Bxd5 Bxd5 66. Qc5 Qg8 67. Nb5 Qe6 68. Qf8+
(68. Nc7 $2 Qc6 69. Qf8+ Bg8 $14) 68... Qg8 (68... Kh7 69. Nc7 Qc6 $2 70. Ne8
Qc1+ 71. Kh2 Qf4+ 72. Qxf4 exf4 73. Nf6+ $18) 69. Qh6+ Qh7 70. Qg5 Qd7 (70...
Qg7 71. Nd6 Bc6 72. Nc4 e4 73. Ne5 Be8 74. Qf4 $16) 71. Qxe5+ Kh7 72. Nd4 Qd8
73. Nb5 Qd7 74. Nd6 $1 Qe6 (74... Bc6 75. Qf6 Bd5 76. Qf8 Qg7 77. Qxg7+ Kxg7
$18) 75. Qxe6 Bxe6 76. Kh2 $18 Kh6 77. Ne4 $1 Bd5 78. f3 Bc4 79. Kg3 Ba6 80.
Kf4 Bf1 81. g3 Bc4 82. Ke5 Kg7 83. Nd2 Ba2 84. f4 Kf7 85. f5 Kg7 (85... gxf5
86. Kxf5 $18) 86. f6+ Kf7 87. Ne4 Bb1 88. Nd6+ Kf8 89. Kf4 Bd3 90. Kg5 Kg8 91.
Nb7 Bf5 92. Na5 Kf7 93. Nc4 (93. Nc4 Ke6 94. Ne5 Kxe5 95. f7 $18) 1-0

[Event "Goodricke op 12th"]
[Site "Kolkata"]
[Date "2001.02.14"]
[Round "9"]
[White "Ramesh, Ramachandran B"]
[Black "Kunte, Abhijit"]
[Result "1-0"]
[WhiteElo "2467"]
[BlackElo "2568"]
[Annotator "Ernst,T"]
[PlyCount "117"]
[EventDate "2001.02.06"]
[EventType "swiss"]
[EventRounds "11"]
[EventCountry "IND"]
[SourceTitle "CBM 082"]
[Source "ChessBase"]
[SourceDate "2001.05.17"]
[SourceVersion "1"]
[SourceVersionDate "2001.05.17"]
[SourceQuality "1"]

1. e4 e5 2. Nf3 Nc6 3. Bb5 a6 4. Ba4 Nf6 5. O-O b5 6. Bb3 Be7 7. Re1 d6 8. c3
O-O 9. h3 Nb8 10. d4 Nbd7 11. Nbd2 Bb7 12. Bc2 Re8 13. Nf1 Bf8 14. Ng3 g6 15.
a4 Bg7 16. Bd3 c6 17. Bg5 Nf8 18. Qd2 $14 Ne6 19. Be3 Nd7 20. Red1 Qc7 21. Bf1
Rad8 22. Qc2 Nb6 23. b3 Nd7 24. Rac1 Qb8 25. Rd2 Ba8 26. Qd1 Nf6 27. b4 Rc8 28.
Qb3 Bb7 29. Rcd1 Bf8 30. axb5 axb5 31. dxe5 dxe5 32. Be2 Rcd8 33. c4 $5 {
The characteristic breakthrough in this line.} Rxd2 34. Rxd2 Bc8 $2 (34... bxc4
35. Bxc4 Bc8 36. b5 cxb5 37. Qxb5 Qxb5 38. Bxb5 Re7 $14) 35. c5 Qc7 36. Qb2 Nf4
37. Bf1 Nd7 38. Ne2 $16 Nxe2+ 39. Bxe2 Nf6 40. Bd3 Nh5 41. Bc2 h6 42. Bb3 Nf4
43. Bxf4 exf4 44. e5 g5 45. Qc2 Be6 46. Bxe6 Rxe6 47. Qf5 $40 Be7 48. h4 $18
Qa7 49. hxg5 hxg5 50. Nxg5 Qa1+ 51. Kh2 Bxg5 52. Qxg5+ Kh7 53. Qxf4 Rh6+ 54.
Kg3 Kg7 (54... Rg6+ 55. Kf3 Qc3+ 56. Ke2) 55. Rd6 Qc3+ 56. Qe3 Qxe3+ 57. fxe3
Rh5 58. Rxc6 Rxe5 59. Kf4 1-0

[Event "Budapest Honved"]
[Site "Budapest"]
[Date "1991.??.??"]
[Round "?"]
[White "Almasi, Zoltan"]
[Black "Stefansson, Hannes"]
[Result "1-0"]
[WhiteElo "2400"]
[BlackElo "2470"]
[Annotator "Ernst,T"]
[PlyCount "115"]
[EventDate "1991.??.??"]
[EventType "tourn"]
[EventRounds "11"]
[EventCountry "HUN"]
[EventCategory "9"]
[SourceTitle "CBM 027"]
[Source "ChessBase"]
[SourceDate "1992.04.01"]
[SourceVersion "1"]
[SourceVersionDate "1992.04.01"]
[SourceQuality "1"]

1. e4 e5 2. Nf3 Nc6 3. Bb5 a6 4. Ba4 Nf6 5. O-O Be7 6. Re1 b5 7. Bb3 d6 8. c3
O-O 9. h3 Nb8 10. d4 Nbd7 11. Nbd2 (11. c4 c6 12. a3 $1 {Weiss bereitet die
Entwicklung des Königsspringers vor damit dieser nicht sofort vertrieben
werden kann.} bxc4 13. Bxc4 d5 $6 14. exd5 cxd5 15. Ba2 e4 16. Ne5 Bb7 17. Nc3
Nb6 18. f3 Rc8 $16 {Anand - Spasskij, Cannes 1989. 19.Lg5! Anand.}) 11... Bb7
12. Bc2 Re8 13. Nf1 Bf8 14. Ng3 g6 15. a4 c5 16. d5 c4 17. Bg5 h6 18. Be3 Nc5
19. Qd2 h5 20. Ng5 Bh6 21. Kh1 (21. f4 h4 22. fxe5 Rxe5 23. Nf3 Bxe3+ 24. Qxe3
Nxd5 25. Qd4 Ne6 26. Qd2 Ndf4 27. Nxe5 Qg5 $1 28. Re3 dxe5 $44 {Nunn-
Beljavskij, Linares 1988.}) 21... Qe7 (21... Rb8 22. axb5 axb5 23. f4 h4 24.
fxe5 Rxe5 25. Nf3 Bxe3 26. Qxe3 Re8 27. Nxh4 Ng4 28. Qf4 $1 Qxh4 29. Rf1 Nd7
30. Bd1 Nde5 31. Bxg4 Bc8 32. Bxc8 Qxf4 33. Rxf4 $16 {Ye Jiangchuan - van der
Sterren, Saloniki (ol) 1988}) (21... Rb8 22. axb5 axb5 23. f4 h4 24. fxe5 Rxe5
25. Nf3 Bxe3 26. Qxe3 Nxd5 27. Qh6 hxg3 28. Nxe5 dxe5 29. Rad1 Nf4 {Ein
erzwungenes Damenopfer.} 30. Rxd8+ Rxd8 31. Qg5 $1 Rd2 32. Qxe5 Nce6 33. Bd1 $1
$10 {P.Popovic - B.Lalic, Vrsac 1989.}) 22. Nf1 Rab8 23. axb5 axb5 24. Nh2 Ra8
25. Rab1 Ra2 26. Qc1 Bc8 27. Rf1 Bd7 28. Qe1 Na4 $2 {Ein positioneller Fehler.
Schwarz sollte nicht seinen starken Springer gegen den schlechten weissen
Läufer abtauschen lassen.} 29. Bxa4 bxa4 30. Ngf3 Bxe3 31. Qxe3 Rb8 32. Nd2
Raxb2 33. Rxb2 Rxb2 34. Nxc4 Rb3 35. Nd2 Rb2 36. Nc4 Rb3 37. Nd2 Rb2 38. Nc4
Rb7 39. Ra1 Be8 40. Nf3 Qc7 41. Nfd2 Bb5 42. Nb2 Qa5 43. Ra3 Kg7 44. Kh2 Qa6
45. f4 exf4 46. Qxf4 Re7 47. c4 Be8 48. Nd3 Qb6 49. c5 dxc5 50. Nc4 Qb1 51. Nd6
c4 52. Nc5 c3 53. Rxc3 Qb2 54. Nf5+ $1 {Zum Schluss ein schönes Opfer.} gxf5
55. Qg5+ Kh7 56. Qxf5+ Kg8 57. Rg3+ Ng4+ 58. hxg4 1-0

[Event "Sonnevanck 5th"]
[Site "Wijk aan Zee"]
[Date "1995.??.??"]
[Round "2"]
[White "Riemersma, Liafbern"]
[Black "Wells, Peter K"]
[Result "0-1"]
[WhiteElo "2430"]
[BlackElo "2530"]
[Annotator "Ernst,T"]
[PlyCount "71"]
[EventDate "1995.02.??"]
[EventType "tourn"]
[EventRounds "9"]
[EventCountry "NED"]
[EventCategory "9"]
[SourceTitle "CBM 046"]
[Source "ChessBase"]
[SourceDate "1995.06.01"]
[SourceVersion "1"]
[SourceVersionDate "1995.06.01"]
[SourceQuality "1"]

1. e4 e5 2. Nf3 Nc6 3. Bb5 a6 4. Ba4 Nf6 5. O-O Be7 6. Re1 b5 7. Bb3 d6 8. c3
O-O 9. h3 Nb8 10. d4 Nbd7 11. Nbd2 Bb7 12. Bc2 Re8 13. a4 Bf8 14. Bd3 c6 15.
Qc2 g6 16. b3 Rc8 17. Bb2 Bg7 18. Rad1 Nh5 $1 $146 {[#]} (18... Qc7) 19. Bf1
Qb6 20. Qb1 (20. b4 $1) 20... d5 21. axb5 axb5 22. exd5 cxd5 23. dxe5 Nxe5 24.
Nxe5 Rxe5 25. Nf3 (25. Rxe5 Bxe5 26. Qd3 b4 $17) 25... Re4 26. Nd4 b4 $1 27.
Rxe4 dxe4 28. cxb4 Rd8 29. Qa1 Nf4 30. Nc6 $2 (30. Qa5 $5) (30. g3 $1 Nd3 $1 (
30... Ne6 31. Nxe6 Rxd1 32. Qxd1 Bxb2 33. Qd8+ $10) 31. Bxd3 exd3 32. Rxd3 Bxd4
33. Rxd4 Rxd4 34. Bxd4 Qc6 35. Kf1 $10) 30... Bxc6 31. Rxd8+ Qxd8 32. Bxg7
Nxh3+ 33. gxh3 (33. Kh2 Nxf2 34. Bh8 f6 $19) 33... Qg5+ 34. Kh2 (34. Bg2 e3 $19
) 34... Qf4+ 35. Kg1 (35. Kh1 e3+ 36. Bg2 exf2 $19) 35... e3 36. Be5 0-1

[Event "Olympiad-34"]
[Site "Istanbul"]
[Date "2000.10.31"]
[Round "4.4"]
[White "De Firmian, Nick E"]
[Black "Prasad, Devaki V"]
[Result "1/2-1/2"]
[WhiteElo "2567"]
[BlackElo "2431"]
[Annotator "Ernst,T"]
[PlyCount "80"]
[EventDate "2000.10.28"]
[EventType "team-swiss"]
[EventRounds "14"]
[EventCountry "TUR"]
[SourceTitle "EXT 2001"]
[Source "ChessBase"]
[SourceDate "2000.11.22"]
[SourceVersion "1"]
[SourceVersionDate "2000.11.22"]
[SourceQuality "1"]
[WhiteTeam "US of America"]
[BlackTeam "India"]
[WhiteTeamCountry "USA"]
[BlackTeamCountry "IND"]

1. e4 e5 2. Nf3 Nc6 3. Bb5 a6 4. Ba4 Nf6 5. O-O Be7 6. Re1 b5 7. Bb3 d6 8. c3
O-O 9. h3 Nb8 10. d4 Nbd7 11. Nbd2 Bb7 12. Bc2 Re8 13. Nf1 Bf8 14. Ng3 g6 15.
a4 Bg7 {This move gives the game another character than the usual 15.-c5.} 16.
Bd3 c6 17. Bg5 h6 18. Bd2 Qc7 19. Qc1 h5 20. Bh6 Bh8 21. Qb1 Nh7 22. b4 Ndf8
23. Ra2 Ne6 24. Be3 Qe7 25. dxe5 dxe5 26. c4 $1 $16 {The typical breakthrough
in these positions.} h4 27. Ne2 Nhg5 $1 28. Nxg5 Nxg5 29. axb5 axb5 30. Rxa8
Rxa8 31. cxb5 cxb5 32. Nc3 Ne6 33. Bxb5 Nd4 34. Ba4 Bf6 35. Bb3 Rb8 36. Ba2 (
36. Bd5 $1 Ba6 37. Qa2 $16) 36... Bc6 37. Bxd4 exd4 $11 38. Nd5 Bxd5 39. exd5
Rxb4 40. Qd1 Qd6 1/2-1/2

[Event "ISL-FRA"]
[Site "Reykjavik"]
[Date "1993.??.??"]
[Round "1"]
[White "Steingrimsson, Hedinn"]
[Black "Hauchard, Arnaud"]
[Result "1-0"]
[WhiteElo "2420"]
[BlackElo "2450"]
[Annotator "Ernst,T"]
[PlyCount "113"]
[EventDate "1993.??.??"]
[EventType "schev"]
[EventRounds "10"]
[EventCountry "ISL"]
[SourceTitle "CBM 035"]
[Source "ChessBase"]
[SourceDate "1993.08.01"]
[SourceVersion "1"]
[SourceVersionDate "1993.08.01"]
[SourceQuality "1"]

1. e4 e5 2. Nf3 Nc6 3. Bb5 a6 4. Ba4 Nf6 5. O-O Be7 6. Re1 b5 7. Bb3 O-O 8. c3
d6 9. h3 Nb8 10. d4 Nbd7 11. Nbd2 Bb7 12. Bc2 Re8 13. a4 Bf8 14. Bd3 c6 15. b3
Qc7 (15... g6 16. Ba3 Qc7 (16... Nh5 17. Qc2 (17. Bf1 Qb6 18. b4 Rad8 19. Bb2
c5 $10 {Cseshkovsky,V-Psakhis,L/URS-ch/1981/}) 17... Nf4 18. Bf1 Qc7 19. g3 Ne6
20. Bb2 Bg7 21. b4 $14 {Brodsky,M-Aleksandrov,A/URS-chJ Kherson/1991}) 17. Qc2
Bg7 (17... Rad8 18. Rab1 $1 d5 $6 19. Bxf8 Kxf8 20. b4 dxe4 21. Bxe4 exd4 22.
cxd4 $16 {Dolmatov,S-Beliavsky,A/URS-56ch/1989/}) (17... Rac8 18. Rab1 $1 (18.
Rad1 Qb6 19. Bf1 c5 20. d5 Rb8 $10 {Brunner,L-Abdennabi,I/Novi Sad ol/1990/})
18... Qb8 19. Qa2 Bg7 20. dxe5 dxe5 21. c4 Ba8 22. b4 $16 {Fernandez Garcia,
J-Campora,D/Buenos Aires/1990/}) 18. Rad1 $1 (18. Bf1 d5 19. exd5 Nxd5 20. c4
b4 $5 21. cxd5 bxa3 $10 {Sokolov,A-Beliavsky,A/URS-56ch/1989/}) (18. Rab1 Rad8
19. Bf1 d5 $10 {Magem Badals,J-Vladimirov,E/Leon/1991/}) 18... d5 19. exd5 Nxd5
20. Ne4 exd4 21. cxd4 b4 22. Bb2 a5 23. Bc4 $16 {Ivanchuk,V-Beliavsky,A,
Linares 1990}) (15... g6 16. Bb2 Bg7 (16... exd4 17. cxd4 d5 18. e5 Nh5 19. Nf1
Nf4 20. Bc2 c5 21. dxc5 Nxc5 $10 {Kuczynski,R-Balashov,Y/Warsaw/1990/}) 17. Bf1
(17. Qc2 Qb6 (17... Rc8 18. c4 exd4 19. Bxd4 Nh5 20. Bxg7 Nxg7 21. b4 a5 $10 {
Adams,M-Motwani,P/London WFW/1990/}) (17... Nh5 18. Bf1 Nf4 19. Rad1 (19. Rab1
Ne6 20. Ba1 Qc7 21. b4 Rad8 22. Qa2 $14 {Renet,O-Sturua,Z/Manila ol/1992/})
19... Ne6 $14 {Aseev,K-Georgadze,G/Lvov zt/1990/}) 18. b4 $6 c5 19. bxc5 dxc5
20. dxe5 (20. Nxe5 Nxe5 21. dxe5 Nd7 22. c4 b4 23. f4 g5 $1 $44) 20... Nh5 $10
{Stefansson,H-Carlhammar,M/Rilton-Cup/1988/}) 17... Qb6 18. Qc2 Rac8 (18... Nh5
19. b4 Nf4 20. dxe5 Nxe5 21. Nxe5 dxe5 22. c4 $16 {Karpov,An-Beliavsky,A/Biel/
1992/}) 19. Rad1 Nh5 20. b4 $14 {Kindermann,S-Gabriel,C/Altensteig/1992/}) (
15... Rb8 16. Ba3 Nh5 17. Bf1 Nf4 18. Qc2 Bc8 $14 {Sokolov,A-Beliavsky,A/
URS-ch/1988/}) 16. Bb2 g6 17. Qc2 Bg7 18. Rad1 Rac8 19. Bf1 Qb8 20. Qb1 Ba8 21.
Qa2 Nh5 22. b4 Re7 23. c4 exd4 24. Bxd4 Bxd4 25. Nxd4 $14 c5 26. Nc2 bxa4 27.
Qxa4 cxb4 28. Nxb4 Nc5 29. Qa3 Qa7 (29... Nxe4 30. Nxe4 Rxe4 31. Rxe4 Bxe4 32.
Nxa6 $16) 30. Re3 Rce8 31. Rde1 Nf6 (31... Nxe4 32. Qxa6 Qxa6 33. Nxa6 $10) 32.
f3 $14 h5 33. h4 Qb6 34. Kh1 Rb8 35. Nd3 Nfd7 36. Rb1 Qd8 37. Rxb8 Qxb8 38.
Nxc5 Nxc5 39. Nb3 $1 Qd8 40. Nxc5 dxc5 41. Qxc5 Rb7 42. Kg1 $16 Rb1 43. Re2 Bb7
44. Qf2 Bc8 45. Rd2 Qc7 46. Qd4 Be6 47. Qf6 $18 Rb8 48. e5 Bxc4 49. Bxc4 Qxc4
50. Rd6 Qc5+ 51. Kh2 a5 52. f4 Qc3 53. Rd7 Rf8 54. f5 Qc8 55. e6 Qb8+ 56. g3
gxf5 57. Rxf7 1-0

[Event "Nabereznye Chelny"]
[Site "Nabereznye Chelny"]
[Date "1993.??.??"]
[Round "?"]
[White "Muhutdinov, Marat"]
[Black "Sideif Sade, Fikret Israfil O"]
[Result "1/2-1/2"]
[WhiteElo "2480"]
[BlackElo "2425"]
[Annotator "Ernst,T"]
[PlyCount "121"]
[EventDate "1993.??.??"]
[EventType "tourn"]
[EventRounds "13"]
[EventCountry "RUS"]
[EventCategory "7"]
[SourceTitle "CBM 037"]
[Source "ChessBase"]
[SourceDate "1993.12.01"]
[SourceVersion "1"]
[SourceVersionDate "1993.12.01"]
[SourceQuality "1"]

1. e4 e5 2. Nf3 Nc6 3. Bb5 a6 4. Ba4 Nf6 5. O-O Be7 6. Re1 b5 7. Bb3 d6 8. c3
O-O 9. h3 Nb8 10. d4 Nbd7 11. Nbd2 Bb7 12. a4 c5 13. Bc2 Re8 14. d5 c4 15. b4
cxb3 16. Nxb3 Qc7 17. Bd3 $1 (17. Bd2 Nb6 18. Na5 Nxa4 19. Bxa4 Qxa5 20. c4 $14
{Dolmatov,S-Psakhis,L/Novosibirsk/1993/}) 17... bxa4 18. Rxa4 Nb6 (18... Qxc3
$4 19. Rc4 $18) 19. Ra2 a5 (19... Qxc3 20. Na5 $44) 20. Rxa5 Qxc3 21. Rxa8 Rxa8
22. Bb5 Nc4 23. Nfd2 Ba6 24. Bxa6 Rxa6 25. Qf3 Qxf3 26. gxf3 Ra4 27. Nxc4 Rxc4
28. Na5 $14 Rc8 29. Nc6 Bf8 30. Bg5 Ne8 31. Ra1 f6 32. Be3 Rc7 33. Ra8 Kf7 34.
Bb6 Rd7 35. Nd8+ Kg8 36. Ne6 Kf7 37. Kg2 Be7 38. f4 (38. Kf1 Rb7 $132) 38...
exf4 39. Nxf4 Rb7 40. Bd8 Nc7 41. Bxc7 Rxc7 42. Ne6 Rc4 43. f3 f5 $1 44. exf5
Rc2+ 45. Kg3 Rd2 46. Nf4 Bg5 47. Ra7+ Kf6 48. Nh5+ Kxf5 49. Nxg7+ Kg6 50. h4
Bf6 51. Ne6 Be5+ 52. f4 Rd3+ 53. Kg2 Bf6 54. Nf8+ Kh5 55. Nxh7 Bxh4 $10 56. f5
Rxd5 57. f6 Rd2+ 58. Kf3 Rf2+ 59. Ke4 Bxf6 60. Nxf6+ Rxf6 61. Kd5 1/2-1/2